Swanirvar gram sarkars in four villages of Bangladesh /
Evaluation of the Self-reliant village government experiment for the full utilization of resources and development efforts, 1980-1982.
Saved in:
| Main Author: | |
|---|---|
| Corporate Author: | |
| Format: | Book |
| Language: | English |
| Published: |
Dhaka :
National Institute of Local Government,
1994.
|
| Edition: | 1st ed. |
| Subjects: | |
| Tags: |
Add Tag
No Tags, Be the first to tag this record!
|
| LEADER | 01026aam a2200277 a 4500 | ||
|---|---|---|---|
| 001 | 005609251-2 | ||
| 005 | 20020606163548.3 | ||
| 008 | 940414s1994 bg b 000 0 eng | ||
| 010 | |a 94900034 | ||
| 035 | 0 | |a ocm30361372 | |
| 040 | |a DLC |c DLC | ||
| 042 | |a lcode | ||
| 043 | |a a-bg--- | ||
| 050 | 0 | 0 | |a HN690.6.Z9 |b C649 1994 |
| 100 | 1 | |a Saqui, Q. Md. Afsar Hossain. | |
| 245 | 1 | 0 | |a Swanirvar gram sarkars in four villages of Bangladesh / |c Quazi Md. Afsar Hossain Saqui. |
| 250 | |a 1st ed. | ||
| 260 | |a Dhaka : |b National Institute of Local Government, |c 1994. | ||
| 300 | |a xii, 170 p. ; |c 23 cm. | ||
| 504 | |a Includes bibliographical references (p. [162]-170). | ||
| 520 | |a Evaluation of the Self-reliant village government experiment for the full utilization of resources and development efforts, 1980-1982. | ||
| 650 | 0 | |a Rural development |z Bangladesh |x Case studies. | |
| 650 | 0 | |a Villages |z Bangladesh |x Case studies. | |
| 710 | 2 | |a National Institute of Local Government (Bangladesh) | |
| 988 | |a 20020608 | ||
| 906 | |0 DLC | ||


